<?xml version="1.0" encoding="UTF-8"?>
<collection xmlns="http://www.loc.gov/MARC21/slim">
 <record>
  <leader>00436pamaa2200157   4500</leader>
  <controlfield tag="001">0000014955</controlfield>
  <controlfield tag="005">20060524090000.0</controlfield>
  <datafield tag="020" ind1="0" ind2="0">
   <subfield code="a">0028233220 </subfield>
  </datafield>
  <datafield tag="082" ind1=" " ind2=" ">
   <subfield code="a">973 DRE 1995</subfield>
  </datafield>
  <datafield tag="090" ind1="0" ind2="0">
   <subfield code="a">E178.1 </subfield>
   <subfield code="b">DRE 1995</subfield>
  </datafield>
  <datafield tag="100" ind1="1" ind2="0">
   <subfield code="a">DREWRY </subfield>
  </datafield>
  <datafield tag="245" ind1="1" ind2="0">
   <subfield code="a">America is  </subfield>
   <subfield code="c">Henry N. Drewry and Thomas H. O'Connor.</subfield>
  </datafield>
  <datafield tag="260" ind1="0" ind2="0">
   <subfield code="a">New York: </subfield>
   <subfield code="b">Glencoe, </subfield>
   <subfield code="c">1995.</subfield>
  </datafield>
  <datafield tag="300" ind1=" " ind2=" ">
   <subfield code="a">xiv, 850p.: </subfield>
   <subfield code="b">col.ill.c26cm.</subfield>
  </datafield>
  <datafield tag="650" ind1="0" ind2="0">
   <subfield code="a">History -- </subfield>
   <subfield code="x">United States </subfield>
  </datafield>
  <datafield tag="700" ind1="1" ind2="1">
   <subfield code="a">O'Connor, </subfield>
   <subfield code="h">Thomas H. </subfield>
  </datafield>
 </record>
</collection>
